000
00188 a2200097 4500
020
_a
9780732911348
041
_a
eng
100
_a
Ben Kozel
245
_a
Three men in a Raft
942
_c
BK
999
_c
30059
_d
30057